| 000 | 00855nam a22002895a 4500 | ||
|---|---|---|---|
| 090 | _c0 | ||
| 001 | 14240620 | ||
| 005 | 20201128013501.0 | ||
| 008 | 060125s2006 mau 000 0 eng | ||
| 010 | _a 2006921202 | ||
| 020 | _a0750664584 | ||
| 020 | _a9780750664585 | ||
| 040 |
_aDLC _cDLC |
||
| 042 | _apcc | ||
| 082 |
_222 _a307.1216 _bBUR |
||
| 100 | 1 | _aBurton, Elizabeth. | |
| 245 | 1 | 0 |
_aInclusive urban design : _bStreets for life / _cElizabeth Burton, Lynne Mitchell. |
| 260 |
_aAmsterdam : _bElsevier, _cc2006. |
||
| 263 | _a0603 | ||
| 300 |
_axxi, 176p. : _bill.; _c24 cm. |
||
| 504 | _aIncludes bibliographical references and index. | ||
| 650 |
_91899 _aArchitecture and society. |
||
| 650 |
_91900 _aOlder people with mental disabilities. |
||
| 700 |
_91901 _aMitchell, Lynne. |
||
| 942 |
_2ddc _cBB |
||
| 999 |
_c10515 _d10515 |
||